000 01012nam a2200241Ia 4500
999 _c34650
_d34650
001 424
003 GE_BSU
005 20200128162246.0
008 181216s1994||||ge |||||||||||||| ||geo||
020 _a5511006157
040 _cGE_BSU
041 _ageo
080 _a338.22 რ-86
100 _aროუზენი, ჰარი
_96448
245 _aგახდი მილიონერი :
_bამერიკული გზა /
_cჰარი როუზენი; მთარგმნ.: ნანული არევაძე, ნანა ადეიშვილი.
264 _aთბილისი :
_bსიახლე,
_c1994.
300 _a102 გვ.
_b20სმ.
653 _aეკონომიკა
653 _aამერიკული ბიზნესი
700 _aარევაძე, ნანული
_eმთარგმნელი
_96449
700 _aადეიშვილი, ნანა
_eმთარგმნელი
_96450
942 _cBK
_2udc